00960nac a22002411u 4500010001700000020001500017082001300032090001500045100003400060245005700094250001200151260006900163300004000232500002500272504006400297511002700361650002700388650001500415942001500430999001500445952014100460952011700601 a 2003068905 a013142424600a627bMCC c7818d7818 aMcCuen, Richard H., 10aHydrologic analysis and design /cRichard H. McCuen. a3rd ed. aUpper Saddle River, N.J. :bPearson Prentice Hall,c2005.cc2005. axix, 859 p. :bill., maps ;c24 cm. aDistributer: Baccah. aIncludes bibliographical references (p. 847-852) and index. aCatalogued By:Mahitab. 0aHydraulic engineering. 0aHydrology. cTBk627MCC c7818d7818 00102ddc40708 aMAINbMAINc1STd2008-02-07epurchaseg210.00l3m17o627MCCp000009397r2025-07-15 00:00:00s2017-02-20v262.50yBB 00104070aMAINbMAINc1STd2008-02-07ePurchaseg210.00l0o627MCCp000009396r2025-10-11 00:00:00v262.50yNB